Top 10 Fiorentina Starting XI - Statistics

General Stats
  • This quiz has been taken 525 times
    134 since last reset
  • The average score is 24 of 74
Answer Stats
Team Player % Correct
2008-09, 2012-13 Stevan Jovetić
85%
1995-96, 1997-98, 1998-99 Gabriel Batistuta
80%
2012-13, 2013-14, 2014-15 Juan Cuadrado
78%
2012-13, 2013-14, 2014-15 Stefan Savić
78%
2007-08, 2008-09 Adrian Mutu
74%
2014-15, 2015-16 Josip Iličić
70%
2024-25 David de Gea
69%
2024-25 Robin Gosens
65%
2024-25 Moise Kean
63%
2012-13, 2013-14, 2014-15, 2015-16 Borja Valero
60%
1995-96, 1997-98, 1998-99 Rui Costa
59%
2014-15 Mario Gómez
57%
2024-25 Dodô
56%
2015-16 Ciprian Tătărușanu
55%
2007-08, 2008-09 Sébastien Frey
54%
2015-16 Nikola Kalinić
52%
2012-13, 2013-14 David Pizarro
50%
2024-25 Albert Guðmundsson
48%
2013-14 Giuseppe Rossi
46%
2007-08, 2008-09 Riccardo Montolivo
41%
2013-14, 2014-15 Neto
40%
2024-25 Rolando Mandragora
40%
2008-09 Alberto Gilardino
39%
2024-25 Luca Ranieri
39%
2024-25 Pietro Comuzzo
39%
1995-96, 1997-98, 1998-99 Francesco Toldo
38%
2014-15, 2015-16 Marcos Alonso
38%
2012-13, 2013-14, 2014-15, 2015-16 Gonzalo Rodríguez
37%
2008-09 Juan Manuel Vargas
37%
2015-16 Davide Astori
36%
2014-15 Matías Fernández
36%
2015-16 Milan Badelj
35%
2024-25 Lucas Beltrán
34%
2015-16 Matías Vecino
34%
2012-13 Adem Ljajić
32%
2015-16 Federico Bernardeschi
32%
2007-08 Tomáš Ujfaluši
32%
2013-14 Alberto Aquilani
31%
2024-25 Danilo Cataldi
27%
2012-13 Emiliano Viviano
26%
2012-13, 2015-16 Facundo Roncaglia
26%
2007-08, 2008-09 Alessandro Gamberini
25%
2008-09 Felipe Melo
24%
2008-09 Dario Dainelli
23%
2007-08 Giampaolo Pazzini
23%
2007-08, 2012-13, 2013-14 Manuel Pasqual
22%
2012-13, 2013-14, 2014-15 Nenad Tomović
22%
2013-14 Joaquín
21%
1998-99 Moreno Torricelli
20%
1998-99 Tomáš Řepka
20%
1997-98, 1998-99 Luís Oliveira
19%
2007-08 Per Krøldrup
19%
2024-25 Andrea Colpani
18%
2007-08, 2008-09 Zdravko Kuzmanović
16%
1998-99 Edmundo
15%
1998-99 Jörg Heinrich
15%
2007-08 Marco Donadel
15%
1997-98, 1998-99 Sandro Cois
15%
2008-09 Gianluca Comotto
14%
2014-15 José María Basanta
13%
2007-08 Fabio Liverani
12%
1995-96, 1997-98 Stefan Schwarz
11%
1997-98 Aldo Firicano
10%
1998-99 Christian Amoroso
10%
1995-96, 1997-98 Pasquale Padalino
9%
1998-99 Pasquale Padalino
9%
1995-96 Daniele Carnasciali
8%
1997-98 Giulio Falcone
8%
1995-96 Lorenzo Amoruso
8%
1995-96 Emiliano Bigica
7%
1995-96 Francesco Baiano
7%
1995-96 Giovanni Piacentini
7%
1995-96, 1997-98 Michele Serena
7%
1997-98 Domenico Morfeo
6%
No matching quizzes found
Score Distribution
Percent of People with Each Score
Percentile by Number Answered
Your Score History
You have not taken this quiz since the last reset